Manažment kvality

Saved in:
Bibliographic Details
Main Author: Leščišin, Michal
Corporate Author: Ekonomická univerzita v Bratislave. Fakulta podnikového manažmentu
Other Authors: Macko, Ján
Format: Book
Language:Slovak
Published: Bratislava Vydavateľstvo EKONÓM 2000
Edition:2. preprac. vyd.
Subjects:
Tags: Add Tag
No Tags, Be the first to tag this record!

MARC

LEADER 00000nam a2200000 4500
001 c122762
005 20221123133043.3
020 |a 80-225-1305-9 
041 0 |a slo 
044 |a SK 
245 1 0 |a Manažment kvality  |c Michal Leščišin, Ján Macko 
250 |a 2. preprac. vyd. 
264 1 |a Bratislava  |b Vydavateľstvo EKONÓM  |c 2000 
300 |a 308 s. 
610 2 0 |a riadenie kvality 
610 2 0 |a manažment 
610 2 0 |a kvalita výrobkov 
610 2 0 |a skúšobníctvo štátne 
610 2 0 |a akreditácia 
610 2 0 |a certifikácia 
610 2 0 |a podnik 
610 2 0 |a zákazníci 
610 2 0 |a ISO 9000-9004 
100 1 |a Leščišin, Michal 
700 1 |a Macko, Ján 
710 2 |a Ekonomická univerzita v Bratislave. Fakulta podnikového manažmentu